000 01134cam a2200301 4500
008 090401t1994 xxu||||| |||| 00| 0 eng d
020 _a086017414X
035 _a(Sirsi) u56885
041 _aeng
050 _a352.1
100 _aConnaughton, John
245 _aValue by competition: a guide to the competitive procurement of consultancy services for construction.
260 _aLondon
_bCIRIA
_c1994
300 _a52,xxxp. ; 30cm.
350 _a60
490 _aCIRIA Special Publication
_v117
520 _aConcerned with the use of competition in selecting and appointing professional construction consultants setting out the principles of good practice and covering selection on the basis of abilities, fees or both.
650 _aBUILDING INDUSTRY
650 _aCCT
650 _aCOMPULSORY COMPETITIVE TENDERING
650 _aCONSTRUCTION INDUSTRY
650 _aCONSULTANCY SERVICES
650 _aVALUE BY COMPETITION
690 _aMANAGEMENT-BUSINESS MANAGEMENT-PROFESSIONAL PRACTICE
710 _aConstruction Industry Research and Information Association
_94810
942 _n0
948 _c04/03/1997
999 _c93851
_d93851